| 000 | 01399nam a22002654c 4500 | ||
|---|---|---|---|
| 003 | AR-BaSMT | ||
| 008 | 230327t2005 ag |||frib|| 001 0 spa d | ||
| 040 |
_aBSGB _bespañol _cBSGB _erda |
||
| 041 | 0 |
_aspa _hespañol |
|
| 080 | _a802 | ||
| 100 | 1 |
_aPérez Moreno, Elena _9510 |
|
| 245 | 1 |
_aYo puedo escribir un cuento : _bTaller de prácticas de comprensión y producción lingüísticas |
|
| 250 | _aPrimera edición | ||
| 264 |
_aCórdoba; _bComunic-Arte, _c2005. |
||
| 300 | _a108 páginas | ||
| 336 |
_2rdacontent _atexto _btxt |
||
| 337 |
_2rdamedia _asin mediación _bn |
||
| 338 |
_2rdacarrier _avolumen _bnc |
||
| 490 | _aLengua y discurso | ||
| 505 | _aCopitulo 1: Explorando el idioma -- 12 Capítulo 2: De la escritura libre al plan de trabajo -- 34 Capítulo 3: De la teoría a la práctica -- 64 Capítulo 4: De la escritura a la lectura y viceversa -- 96 | ||
| 520 | _aEn la primera parte es un cuaderno de actividades cuya finalidad es recuperar la competencia que todos tenemos como usuarios de una lengua. En la segunda parte se esboza una teoría narrativa mínima y que se ofrece como insumo para la práctica escritural. Contiene fragmentos de autores célebres con la intención de servir de estímulo y pretexto para incentivar el descubrimiento del escritor que todos llevamos dentro. | ||
| 521 | _aPúblico general | ||
| 942 |
_2ddc _aBOOK |
||
| 999 |
_c686 _d686 |
||